ARRUPE JESUIT UNIVERSITY

CORONAVIRUS -STOP THE SPREAD - CLEAN,DISINFECT,COVER

How to do (just about) anything on the Internet : (Record no. 130933)

MARC details
000 -LEADER
fixed length control field 01295cam a2200313 i 4500
001 - CONTROL NUMBER
control field 18503750
003 - CONTROL NUMBER IDENTIFIER
control field ARRUPE
005 - DATE AND TIME OF LATEST TRANSACTION
control field 20211019104212.0
008 - FIXED-LENGTH DATA ELEMENTS--GENERAL INFORMATION
fixed length control field 150223s2015 nyua 001 0 eng
010 ## - LIBRARY OF CONGRESS CONTROL NUMBER
LC control number 2015004934
020 ## - INTERNATIONAL STANDARD BOOK NUMBER
International Standard Book Number 9781621452652 (alk. paper)
020 ## - INTERNATIONAL STANDARD BOOK NUMBER
Cancelled/invalid ISBN 9781621452669 (epub)
040 ## - CATALOGING SOURCE
Original cataloging agency DLC
Language of cataloging eng
Transcribing agency DLC
Description conventions rda
Modifying agency DLC
042 ## - AUTHENTICATION CODE
Authentication code pcc
050 00 - LIBRARY OF CONGRESS CALL NUMBER
Classification number TK5105.875.I57
Item number H68 2015
082 00 - DEWEY DECIMAL CLASSIFICATION NUMBER
Classification number 025.042
Edition number 23
300 ## - PHYSICAL DESCRIPTION
Other physical details illustrations ;
Dimensions 25 cm
245 00 - TITLE STATEMENT
Title How to do (just about) anything on the Internet :
Remainder of title make the internet work for you-- great advice for new users and seasoned pros alike /
Statement of responsibility, etc Reader's Digest.
250 ## - EDITION STATEMENT
Edition statement 1st [edition].
260 ## - PUBLICATION, DISTRIBUTION, ETC. (IMPRINT)
Place of publication, distribution, etc Not identified
Name of publisher, distributor, etc Not identified
Date of publication, distribution, etc 2015
300 ## - PHYSICAL DESCRIPTION
Extent 287 pages :
500 ## - GENERAL NOTE
General note Includes index.
505 0# - FORMATTED CONTENTS NOTE
Formatted contents note Getting set up -- Browsing the internet -- Keep in touch -- Social networking -- News and knowledge -- The practical web -- Consuming media online -- Buying and selling.
650 #0 - SUBJECT ADDED ENTRY--TOPICAL TERM
Topical term or geographic name as entry element Internet
Form subdivision Miscellanea.
9 (RLIN) 50569
650 #0 - SUBJECT ADDED ENTRY--TOPICAL TERM
Topical term or geographic name as entry element World Wide Web
Form subdivision Miscellanea.
9 (RLIN) 50570
710 2# - ADDED ENTRY--CORPORATE NAME
Corporate name or jurisdiction name as entry element Reader's Digest Association.
9 (RLIN) 28898
906 ## - LOCAL DATA ELEMENT F, LDF (RLIN)
a 7
b cbc
c orignew
d 1
e ecip
f 20
g y-gencatlg
942 ## - ADDED ENTRY ELEMENTS (KOHA)
Source of classification or shelving scheme Library of Congress Classification
Koha item type Monograph ( Printed materials)
Holdings
Withdrawn status Lost status Source of classification or shelving scheme Damaged status Not for loan Collection code Home library Current library Shelving location Date acquired Total Checkouts Full call number Barcode Date last seen Price effective from Koha item type
    Library of Congress Classification     Main Collection ARRUPE LIBRARY ARRUPE LIBRARY Main Collection 19/10/2021   TK5105.875.I57 H68 2015 46600006894 19/10/2021 19/10/2021 Monograph ( Printed materials)

 

Arrupe Library. PO Box MP320 Mt Pleasant, Harare, Zimbabwe
263 242 745411|librarian@aju.ac.zw